| 000 | 00553nam a22002057a 4500 | ||
|---|---|---|---|
| 003 | UA-OsUOA | ||
| 001 | 51165 | ||
| 007 | ta | ||
| 008 | 20140826b un ||||| |||| 00| 0 ukr d | ||
| 090 | _a011 | ||
| 942 | _cBK | ||
| 040 |
_aUA-OsUOA _beng _cUA-OsUOA _dUA-OsUOA |
||
| 245 |
_aInternational Migration Review _bCumulative Index: Spring 1964 to Winter 1976, Vol. 1 to 10 |
||
| 300 | _a76 с. | ||
| 955 | _a1 | ||
| 041 | _aeng | ||
| 080 | _a011 | ||
| 650 | 7 |
_a01 Бібліографія і бібліографії. Каталоги _2UDC |
|
| 999 |
_c431292 _d431292 |
||